El espacio como lugar: sobre la naturaleza de la forma urbana
Saved in:
| Hovedforfatter: | |
|---|---|
| Format: | Bog |
| Sprog: | spansk |
| Udgivet: |
Valladolid
Universidad de Valladolid
1992
|
| Udgivelse: | 1a. ed |
| Serier: | Arquitectura y Urbanismo, 18
|
| Fag: | |
| Tags: |
Tilføj Tag
Ingen Tags, Vær først til at tagge denne postø!
|
MARC
| LEADER | 00000cam a2200000 a 4500 | ||
|---|---|---|---|
| 001 | UCD2316 | ||
| 003 | CL-VaPUC | ||
| 008 | 160421e19920000sp |||||||||||||||||spa|d | ||
| 020 | |a 847762254X | ||
| 082 | 0 | 4 | |a 711 |b RIV |2 21 |
| 100 | 0 | |a Rivas Sanz, Juan Luis de las |e author |9 585644 | |
| 245 | 1 | 3 | |a El espacio como lugar: sobre la naturaleza de la forma urbana |
| 250 | |a 1a. ed | ||
| 300 | |a 216 p | ||
| 942 | |c BK | ||
| 945 | |d 20160421 23:07:00 |a arojas | ||
| 260 | |a Valladolid |b Universidad de Valladolid |c 1992 | ||
| 650 | 0 | |a Espacio |9 336785 | |
| 650 | 0 | |a Urbanismo |9 255208 | |
| 650 | 0 | |a Naturaleza |9 269656 | |
| 583 | |a last modification |c 20160421 23:07:00 |k Rodrigo Vera | ||
| 490 | 0 | |a Arquitectura y Urbanismo, 18 | |
| 999 | |c 363478 |d 363476 | ||
| 952 | |0 0 |1 0 |3 erb |4 0 |6 711_000000000000000_RIV_1992 |7 0 |8 A |9 475928 |a BIBARQ |b BIBARQ |i 5282802 |l 2 |o 711 RIV 1992 |p 5282802 |r 2025-01-20 |s 2024-12-16 |w 2019-11-24 |y BK |z Catalogado en:20160421 |k ARQ | ||
| 952 | |0 0 |1 0 |3 erb |4 0 |6 711_000000000000000_RIV_1992 |7 0 |8 A |9 475929 |a BIBARQ |b BIBARQ |i 5466121 |l 1 |o 711 RIV 1992 |p 5466121 |r 2025-03-31 |s 2025-03-24 |w 2019-11-24 |y BK |z Catalogado en:20180413 |k ARQ | ||
| 952 | |0 0 |1 0 |3 erb |4 0 |6 711_000000000000000_RIV_1992 |7 0 |8 A |9 475930 |a BIBARQ |b BIBARQ |i 546613K |l 1 |o 711 RIV 1992 |p 546613K |q 2025-05-13 |r 2025-05-06 |s 2025-05-06 |w 2019-11-24 |y BK |z Catalogado en:20180413 |k ARQ | ||